=LDR 00000nam 2200000 4500 =001 INLIS000000000013850 =005 20130612105157 =008 ***********************************Ind** =035 ##$$0010-061300000013850 =041 ##$$a Ind =082 ##$$a 152.4 =090 ##$$a 152.4, Cha t =100 ##$$a Chattopadhyay, Aparna =245 ##$$a Tes emosi anda, Aparna Chattopadhyay, alih bahasa, HTA.Darwin Rasyid =260 ##$$a 2004 $b Jakarta =300 ##$$a 209 hlm, 21 cm =700 ##$$a Rasyid, Darwin. HTA =850 ##$$a NBPNMAT